|
|
|
|
| LEADER |
00000cam a2200000 7i4500 |
| 001 |
0000088352 |
| 005 |
20230125145226.0 |
| 008 |
220328 |
| 020 |
|
|
|a 9789674787479
|
| 041 |
0 |
|
|a English
|
| 090 |
0 |
0 |
|a AD
|b ENG
|
| 100 |
1 |
|
|a Kaoru
|
| 245 |
1 |
0 |
|a Cast of candy collector's edition :
|b candy series 5th anniversary
|c Kaoru
|
| 260 |
|
|
|a Kuala Lumpur,Malaysia,Singapore,Kadokawa Gempak Starz,Selangor,Malaysia :
|b Percetakan Tatt Sdn Bhd ,
|c 2018
|
| 300 |
|
|
|a 155 p. :
|b ill. ;
|c 20.5 cm.
|
| 490 |
0 |
|
|a Candy Series, 5th anniversary.; Gempak Starz collections.
|
| 500 |
|
|
|a Children ages 10-12 years old (pink)
|
| 541 |
|
|
|c Purchased on 2021
|f E 210247 EKM
|h RM12.00
|
| 650 |
|
0 |
|a Comic books,strips, etc.
|x Adventure
|
| 700 |
0 |
|
|a Winnie,Rhea Loong ,
|c Candy Factory
|
| 700 |
1 |
|
|a Kaoru,Dreamerz
|
| 999 |
|
|
|a 0001680728
|b Book
|c Children Collection
|e Perbadanan Perpustakaan Awam Johor
|